000 00316nam a22001337a 4500
008 170922b xxu||||| |||| 00| 0 eng d
020 _a9780838907931
041 _aeng
080 _a37
100 _a37
101 _aEDU
245 _aPRACTICAL STRATEGIES FOR LIBRARY MANAGERS
_cGIESECKE.J
942 _2udc
_cBK
999 _c29272
_d29272